[Event "World Junior U20 Open 2018"]
[Site "Gebze"]
[Date "2018.09.12"]
[Round "8.19"]
[White "Zou, Chen"]
[Black "Bellahcene, Bilel"]
[Result "0-1"]
[WhiteElo "2365"]
[BlackElo "2501"]
[Annotator "TA"]
[PlyCount "106"]
[EventDate "2018.09.05"]
[EventType "swiss"]
[EventCountry "TUR"]
[SourceTitle "playchess.com"]
[Source "ChessBase"]
[SourceQuality "1"]

{[%evp 21,106,9,20,7,10,13,18,15,12,4,12,6,0,8,7,-18,-22,0,7,0,7,0,0,0,0,0,0,-9,0,0,0,0,0,0,0,0,27,0,124,0,18,-6,0,0,0,0,0,0,0,-29,-8,-81,-105,-195,-42,-179,-175,-445,-540,-683,-677,-652,-644,-1280,-1456,-1107,-849,-4952,-4952,-4943,-12847,-2611,-1876,-29975,-29975,-29982,-29983,-29983,-29984,-29984,-29985,-29985,-29986,-29986,-29987,-29987,-29988]} 1. e4 c5 2. Nf3 d6 3. d4 cxd4 4. Nxd4 Nf6 5. Nc3 a6 6. f3 e5 7. Nb3 Be6 8. Be3 Nbd7 9. Qd2 b5 10. O-O-O h5 {B90: Sicilian Najdorf: Unusual White 6th moves, 6 Be3 Ng4 and 6 Be3 e5} 11. Nd5 (11. Kb1 Rc8 12. g3 Be7 13. Nd5 Nxd5 14. exd5 Bf5 15. Bd3 Bxd3 16. Qxd3 O-O 17. Rhg1 f5 18. h3 {1-0 (47) Aronian,L (2767)-Vachier Lagrave,M (2779) Saint Louis 2018}) 11... Rc8 {LiveBook: 5 Games} 12. Qa5 {Black should prevent Nxf6+.} Nxd5 {The position is equal.} 13. exd5 Bf5 14. Qxd8+ Kxd8 15. c4 bxc4 16. Na5 c3 17. Nc6+ Kc7 $1 $132 {[%mdl 2048] Black is not keeping still} 18. Bxa6 {[#]} Ra8 $146 {[%cal Ra8a6]} 19. Bc4 cxb2+ 20. Kxb2 g6 21. a4 Bh6 22. Bxh6 Rxh6 23. Bb5 Nc5 24. Ra1 Rhh8 25. Rhc1 Rhe8 26. Ka3 e4 {Black wants to play ...exf3.} 27. Kb4 exf3 28. gxf3 Bd3 29. Re1 Bf5 (29... Bxb5 $11 {keeps the balance.} 30. Kxb5 Rxa4 $1 {[%mdl 512]}) 30. Rec1 (30. Rxe8 $16 Rxe8 31. a5) 30... Re3 {And now ...Rb3+ would win.} 31. Rxc5 dxc5+ 32. Kxc5 Rc3+ 33. Kd4 Rxf3 {Strongly threatening ...Kd6.} 34. Ne5 Rf2 {Threatens to win with ...Rd2+.} 35. Nxf7 Rxh2 {White must now prevent ...Rf8.} 36. a5 (36. Rc1+ $11 {remains equal.} Kb8 37. Nd6) 36... Rd2+ $17 37. Ke5 (37. Kc5 $17 {might work better.}) 37... Rf8 $2 ({Black should play} 37... h4 $19 {...h3 is the strong threat.} 38. Nd6 h3) 38. d6+ {[#]} (38. a6 $15 Ra8 39. Nd6) 38... Kb8 $1 $19 39. Bc4 $2 (39. Kf6 {was forced.}) 39... h4 40. Rh1 h3 41. Kf6 h2 42. Ke7 {[#]} Rxf7+ $1 {[%mdl 512]} 43. Bxf7 {[%mdl 4096] Endgame KRB-KRB} Re2+ 44. Kd8 Be4 45. Ra1 h1=Q 46. Rxh1 Bxh1 47. Bxg6 Re6 {Black mates.} 48. d7 Rxg6 49. Ke7 Rg7+ 50. Kd6 Rg8 51. a6 Ba8 52. a7+ Kb7 53. Ke7 Kc7 {Precision: White = 29%, Black = 64%.} 0-1

[Event "World Junior U20 Open 2018"]
[Site "Gebze"]
[Date "2018.09.12"]
[Round "8.20"]
[White "Lee, Jun Hyeok"]
[Black "Harsha Bharathakoti"]
[Result "1/2-1/2"]
[WhiteElo "2263"]
[BlackElo "2474"]
[Annotator "TA"]
[PlyCount "71"]
[EventDate "2018.09.05"]
[EventType "swiss"]
[EventCountry "TUR"]
[SourceTitle "playchess.com"]
[Source "ChessBase"]
[SourceQuality "1"]

{[%evp 13,71,20,27,26,49,53,54,50,73,69,79,44,45,36,81,66,84,83,83,77,83,70,83,74,86,65,91,52,59,57,64,16,19,0,0,0,2,0,0,0,26,26,33,31,18,6,14,14,17,13,56,0,0,0,0,0,13,0,0,0]} 1. Nf3 f5 2. c4 Nf6 3. e3 (3. g3 e6 4. Bg2 d5 5. O-O Bd6 6. Nc3 O-O 7. d3 dxc4 8. dxc4 Nc6 9. e4 e5 10. Bg5 fxe4 11. Nd2 Be7 12. Ndxe4 Nxe4 13. Qxd8 Bxd8 14. Nxe4 Nd4 15. Bxd8 Rxd8 {½-½ (60) Inarkiev,E (2707)-Grischuk,A (2761) Geneva 2017}) 3... g6 4. b4 Bg7 5. Bb2 O-O 6. Be2 {A10: Abarten von Holländisch, Damenindisch, Königsindisch (ohne d2-d4)} d6 7. d4 {[%cal Bd2d4,Bd4d5][%mdl 32]} Qe8 {LiveBook: 4 Partien} 8. Qb3 {Weiß hat minimalen Vorteil.} h6 9. O-O c6 $146 ({Vorgänger:} 9... g5 10. Nc3 c6 11. b5 {0-1 (33) Steczek,M (2408)-Tomaszewski,K (1855) Poland 2011}) 10. a4 Be6 11. Nc3 Nbd7 12. d5 Bf7 13. a5 c5 14. Na4 Ne4 15. Bxg7 Kxg7 16. Nd2 Nxd2 17. Qb2+ Kh7 18. Qxd2 cxb4 19. Qxb4 Rb8 20. Qb1 Qd8 21. Nc3 a6 22. e4 f4 23. Qb4 b6 24. axb6 (24. Rfe1 {is more complex.} bxa5 25. Qxa5 Rb3 26. Qa2 Qb6 27. Na4) 24... Qxb6 25. Qxb6 Rxb6 26. Rfc1 Rfb8 27. Na4 Rb4 28. f3 Rc8 29. c5 dxc5 30. Bxa6 Rc7 31. Nc3 {[#] Schwarz muss nun Sb5 beachten.} Ra7 32. Nb5 (32. Bf1 $14 Rbb7 33. Rxa7 Rxa7 34. Bb5) 32... Ra8 $11 {Die Stellung ist ausgeglichen.} 33. Nc7 Ra7 34. Nb5 Ra8 35. Nc7 Ra7 36. Nb5 {Precision: Weiß = 59%, Schwarz = 60%.} 1/2-1/2

[Event "World Junior U20 Open 2018"]
[Site "Gebze"]
[Date "2018.09.12"]
[Round "8.21"]
[White "Gavrilescu, David"]
[Black "Schekachikhin, Maksim"]
[Result "1-0"]
[WhiteElo "2470"]
[BlackElo "2356"]
[Annotator "TA"]
[PlyCount "49"]
[EventDate "2018.09.05"]
[EventType "swiss"]
[EventCountry "TUR"]
[SourceTitle "playchess.com"]
[Source "ChessBase"]
[SourceQuality "1"]

{[%evp 17,49,17,36,0,0,0,0,-4,14,14,16,9,16,35,16,0,0,0,0,-181,-141,-268,-270,-321,-293,-358,-307,-245,-193,-209,2337,1508,29997,29998]} 1. e4 c5 2. Nf3 {[%cal Bg1f3,Bf3d4,Bd4b5,Bb5d6][%mdl 32]} e6 3. d4 cxd4 4. Nxd4 Nc6 5. Nc3 Qc7 6. Be3 Nf6 7. f4 {B48: Sizilianisch (Paulsen-Variante)} (7. Qf3 Bb4 8. Ndb5 Qb8 9. a3 Be7 10. Qg3 Qxg3 11. hxg3 O-O 12. Bf4 Ne8 13. Nc7 Nxc7 14. Bxc7 Bf6 {0-1 (67) Vavulin,M (2545)-Mchedlishvili,M (2608) St Petersburg 2018}) 7... Bb4 8. Ndb5 Qa5 9. e5 Ne4 {LiveBook: 33 Partien} 10. Bd3 (10. Qd3 $5 {[%cal Rd3e4]} Nxc3 11. bxc3 $14) 10... Nxc3 11. bxc3 Bxc3+ 12. Kf2 Bxa1 $146 ({Vorgänger:} 12... Bb4 13. Rb1 Be7 14. Rb3 a6 {1-0 (37) Cerovic,Z (2154)-Mitrovic,S (2101) Tivat 2011}) 13. Nd6+ Ke7 {[%cal Be8e7,Be7f8,Bf8g8][%mdl 32] [#] Und ...Ld4 würde nun gewinnen.} 14. Qxa1 b6 15. a4 {Tb1 ist eine echte Drohung.} Ba6 {Droht ...Lxd3 und aus.} 16. Bxa6 Qxa6 17. Qa3 Kf8 $1 18. f5 $2 (18. Nb5+ $1 $11 {und Weiss steht sicher.} Ne7 19. Nc7) 18... Kg8 19. Rb1 (19. Bh6 $17 {ist wohl besser.} Nxe5 20. Qg3) 19... Nxe5 $19 {[%cal Bc6e5,Be5g4,Bg4e3][%mdl 32]} 20. Rb5 Ng4+ 21. Kf3 Nxe3 22. Kxe3 Rc8 23. f6 {Und weiter mit fxg7 wäre nett.} Rc5 $4 {[%mdl 8192] [#]} (23... h6 $19 24. fxg7 Kxg7) 24. Qxc5 $1 $18 {[%mdl 512] Weiss will mit Dg5 Matt setzen.} gxf6 (24... bxc5 25. Rb8+) 25. Qh5 {Precision: Weiß = 29%, Schwarz = 28%.} 1-0

[Event "World Junior U20 Open 2018"]
[Site "Gebze"]
[Date "2018.09.12"]
[Round "8.22"]
[White "Barseghyan, Harutyun"]
[Black "Sawlin, Leonid"]
[Result "1-0"]
[WhiteElo "2466"]
[BlackElo "2355"]
[Annotator "TA"]
[PlyCount "105"]
[EventDate "2018.09.05"]
[EventType "swiss"]
[EventCountry "TUR"]
[SourceTitle "playchess.com"]
[Source "ChessBase"]
[SourceQuality "1"]

{[%evp 16,105,79,76,79,81,72,77,152,152,162,165,202,138,142,145,142,136,153,134,137,118,127,117,136,129,135,120,116,96,140,119,139,141,145,134,135,137,158,158,154,158,150,151,167,167,171,166,166,178,181,175,215,200,211,188,190,172,283,172,166,177,177,181,181,179,173,187,182,172,175,170,214,212,232,230,308,267,314,272,535,511,728,708,756,754,966,960,1225,1201,1983,535]} 1. d4 d6 2. Nf3 g6 3. c4 Bg7 4. Nc3 Nf6 5. e4 O-O 6. Be2 c5 7. d5 a6 8. a4 Nbd7 9. O-O {LiveBook: 12 Games} Ne8 {E91: King's Indian: Classical: 6 Be2, unusual replies including 6...c5 and 6...Bg4} 10. Bf4 Ne5 11. Nxe5 dxe5 $146 ({Black should try} 11... Bxe5 12. Bxe5 dxe5) ({Predecessor:} 11... Bxe5 12. Bxe5 dxe5 13. Qd2 f6 14. a5 Bd7 15. Qe3 Rc8 16. g3 Nd6 17. f4 {½-½ (32) Pozo Vera,S (2454)-Cueto Chajtur,J (2321) Collado Villalba 2008}) 12. Be3 $16 Qc7 13. a5 Bd7 14. Na4 Bxa4 15. Qxa4 Nf6 16. f3 Rfb8 17. Ra2 Nd7 18. Rfa1 Bf8 19. Qc2 Rc8 20. g3 e6 21. Rc1 Rab8 22. Kh1 Qd8 23. Qd2 Qc7 24. Bf1 b6 25. axb6 Rxb6 26. Qc2 Qb7 27. Bd2 Rb8 {[%cal Rb6b2]} 28. Bc3 Bh6 {[#]} 29. Re1 $1 Rf8 30. Bd3 {[%cal Bf1d3,Bd3c2,Bc2a4,Ba4c6][%mdl 32]} Ra8 31. Qe2 Bf8 32. Bc2 Qb8 33. Ba4 Nf6 34. Rea1 Ra7 35. Bc6 Ne8 36. Qc2 Bg7 (36... Ng7 {keeps fighting.} 37. Ra5 Bd6) 37. Ra5 Bf8 38. R1a2 Bd6 39. R5a3 Qc8 40. Rb3 Rb8 41. Rxb8 Qxb8 42. Qa4 Nf6 43. Kg2 g5 44. Qc2 Kg7 45. Ra1 Bc7 46. Rh1 Qc8 47. Qd2 Kg6 $2 (47... h6 {was called for.} 48. Qe3 Bd6) 48. h4 $18 {[%csl Gh4][%cal Rd2g5] White is clearly winning.} h6 49. hxg5 hxg5 50. Kf1 Qf8 51. Qh2 a5 {[#]} 52. f4 $1 {[%mdl 512]} Nxe4 (52... exf4 53. e5) 53. Qh7+ {Precision: White = 67%, Black = 41%.} 1-0

[Event "World Junior U20 Open 2018"]
[Site "Gebze"]
[Date "2018.09.12"]
[Round "8.23"]
[White "Lodici, Lorenzo"]
[Black "Ozen, Bahadir"]
[Result "1-0"]
[WhiteElo "2458"]
[BlackElo "2326"]
[Annotator "TA"]
[PlyCount "81"]
[EventDate "2018.09.05"]
[EventType "swiss"]
[EventCountry "TUR"]
[SourceTitle "playchess.com"]
[Source "ChessBase"]
[SourceQuality "1"]

{[%evp 28,81,6,0,30,41,33,6,334,354,331,63,248,79,102,77,77,72,70,64,92,22,29,23,23,36,33,31,42,0,9,0,19,8,12,0,0,0,0,2,6,0,1542,1383,29985,5214,5205,5038,1320,1285,29993,29993,29993,29994,29994,29995]} 1. d4 d5 2. c4 e6 3. Nc3 Nf6 4. cxd5 exd5 5. Bg5 Be7 6. e3 O-O 7. Bd3 c6 8. Qc2 Nbd7 {[%cal Bb8d7,Bd7f8,Bf8e6][%mdl 32]} 9. Nge2 Re8 10. O-O Nf8 11. f3 g6 12. Rad1 Ne6 {D36: Queen's Gambit Declined: Exchange Variation: Main line (5 Bg5 c6 6 Qc2)} 13. Bh4 b5 {[%cal Bb7b5,Bb5b4][%mdl 32]} 14. Kh1 (14. Bf2 Bb7 15. Nc1 Rc8 16. Nb3 a6 17. Ne2 c5 18. dxc5 Nxc5 19. Nxc5 Bxc5 20. Qd2 {½-½ (59) Wojtaszek,R (2746)-Buhmann,R (2633) Germany 2016}) 14... Bb7 15. Bf2 {LiveBook: 4 Games} b4 16. Na4 Qa5 17. Nf4 $146 ({Predecessor:} 17. e4 Rac8 18. Rc1 Bf8 19. b3 c5 20. dxc5 dxe4 21. fxe4 {0-1 (41) Miron,L (2480)-David,A (2414) Baile Govora 2017}) 17... Nd7 $2 {[%mdl 8192]} (17... Nxf4 $11 18. exf4 Ba6) 18. Nxe6 $18 fxe6 {[#]} 19. h4 $2 (19. Bxg6 $1 $18 {[%mdl 512]} hxg6 20. Qxg6+ Kf8 21. b3 (21. Qxe6 Ba6 $14)) 19... c5 $2 {[#]} (19... Ba6 $14) 20. Nxc5 $2 (20. Bxg6 $1 $18 {[%mdl 512] and the rest is easy. aiming for Nxc5.} hxg6 21. Qxg6+ Kf8 22. Qh6+ Kf7 23. Qh7+ Kf8 24. Nxc5 Bxc5 25. dxc5) 20... Nxc5 $16 21. dxc5 Qxc5 {[#]} 22. Bxg6 $1 {[%mdl 512]} Qxc2 (22... hxg6 23. Qxg6+) 23. Bxc2 Bf6 24. b3 (24. Ba4 $16) 24... Rec8 $11 25. Bd3 a5 26. e4 a4 27. e5 Be7 28. f4 axb3 29. axb3 Ba6 30. Bxa6 Rxa6 31. Rd3 Ra2 32. Bd4 Bxh4 33. f5 exf5 34. Rh3 Bg5 $2 {[%mdl 8192]} (34... Be7 $11) 35. Rxf5 $18 h6 {[#]} 36. e6 (36. Rxg5+ $142 $1 {[%mdl 512]} Kh7 (36... hxg5 37. e6) 37. e6 Rc7 38. Rgh5 Kg6 39. Rxh6+ Kg5 {[#]} 40. e7 $1 {[%mdl 512]} Rxe7 41. Bf6+ Kg4 42. Bxe7) 36... Bd2 37. Rf7 Rc1+ 38. Kh2 {Rhf3 would kill now.} Re1 39. Rg7+ {White mates.} Kf8 40. Rf3+ Ke8 41. Bc5 {Precision: White = 34%, Black = 31%.} 1-0

[Event "World Junior U20 Open 2018"]
[Site "Gebze"]
[Date "2018.09.12"]
[Round "8.24"]
[White "Martirosyan, Haik M"]
[Black "Nikolovski, Nikola"]
[Result "1-0"]
[WhiteElo "2597"]
[BlackElo "2388"]
[Annotator "TA"]
[PlyCount "103"]
[EventDate "2018.09.05"]
[EventType "swiss"]
[EventCountry "TUR"]
[SourceTitle "playchess.com"]
[Source "ChessBase"]
[SourceQuality "1"]

{[%evp 20,103,0,-33,-10,-22,-8,0,17,-10,-7,-11,31,-1,-24,-16,7,8,14,12,24,0,0,0,36,21,35,12,24,14,46,22,14,18,24,0,0,-22,-20,-21,-12,-14,11,2,6,-19,36,-25,-20,-35,0,0,34,31,27,27,30,0,116,18,145,0,170,166,136,144,144,104,115,108,113,121,1041,1011,916,456,1057,448,421,407,902,832,29992,29993,29998,29999]} 1. e4 c5 2. Nf3 d6 3. d4 cxd4 4. Nxd4 Nf6 5. Nc3 g6 6. g3 Bg7 7. Bg2 O-O 8. h3 Nc6 9. Nde2 Rb8 10. O-O b5 11. Be3 {LiveBook: 21 Games. B70: Sicilian Dragon: 6 g3 and 6 Be2 (without a later Be3)} a5 12. a4 $146 ({Predecessor:} 12. Nd4 Nxd4 13. Bxd4 Bb7 14. Nd5 Nd7 15. Bxg7 Kxg7 16. Re1 e6 17. Qd4+ e5 18. Qd2 Bxd5 19. Qxd5 {0-1 (48) Del Rey,D (2383)-Garza Marco,S (2438) Aragon 2013}) 12... bxa4 13. Nxa4 {The position is equal.} Ba6 14. Re1 Nd7 15. Rb1 Kh8 16. Nf4 Bb5 17. Nc3 Bc4 18. Qd2 Nc5 19. b3 Ba6 20. Rbd1 Qc8 21. h4 Ne5 {[%cal Bc6e5,Be5c4,Bc4b2][%mdl 32]} 22. Ncd5 Qd8 23. Bd4 a4 24. bxa4 Nc4 25. Bxg7+ Kxg7 26. Qc3+ e5 27. Ra1 Nb2 $1 {[%cal Rb2a4]} 28. Nh3 Nbxa4 29. Qe3 Bc4 30. h5 Rb2 31. Nc3 Rb4 32. f4 Qb6 ({Of course not} 32... gxh5 $6 33. fxe5 Be6 34. Nxa4 $16) ({Better is} 32... Nxc3 $11 33. Qxc3 Qb6) 33. Kh2 ({White should play} 33. Nxa4 $14 Nxa4 34. h6+ $1 {[%mdl 512]} Kg8 35. Qxb6 Nxb6 36. Reb1 Rxb1+ 37. Rxb1) 33... Nxc3 $11 34. Qxc3 f6 35. Red1 Rd8 36. fxe5 fxe5 37. Qd2 h6 38. hxg6 Ne6 (38... Be6 $11) 39. Qc3 (39. Nf2 $16) 39... Be2 (39... Rf8 $11 {keeps the balance.}) 40. Re1 (40. Rd2 $16 Bc4 41. Qf3) 40... Bh5 $2 (40... Bg4 $11) 41. Nf4 $1 $18 {[%cal Rf4e6]} Nxf4 42. gxf4 {[%cal Bg3f4,Bf4f5][%mdl 32] Strongly threatening Rab1!} Bxg6 43. f5 $36 {[%mdl 2048] White is on the roll.} Bf7 {[#]} 44. Re3 $1 {[%cal Re3g3] Rg3+ is the strong threat.} Rc4 45. Rg3+ Kf6 $2 {[%mdl 8192]} (45... Kf8 $16 46. Qd2 d5) 46. Qd2 Rh8 47. Rh3 (47. Qd1 $142 Rb8 48. Qg4) 47... Ke7 {[#]} (47... Rcc8 $142 48. Rb1 (48. Rxh6+ Rxh6+ 49. Qxh6+ Ke7 $16) 48... Qd8) 48. Rxh6 (48. f6+ $142 $1 {[%mdl 512]} Kd7 (48... Kxf6 49. Rf1+) 49. Rg3) 48... Rxh6+ 49. Qxh6 Rxc2 (49... Rc8 $142 50. Kh1 (50. f6+ Kd7 $16) 50... Kd7) 50. Ra8 Qf2 51. Qf8+ Kf6 52. Qd8+ {Precision: White = 41%, Black = 33%.} 1-0

[Event "World Junior U20 Open 2018"]
[Site "Gebze"]
[Date "2018.09.12"]
[Round "8.25"]
[White "Xu, Xiangyu"]
[Black "Miciano, John Marvin"]
[Result "1-0"]
[WhiteElo "2586"]
[BlackElo "2374"]
[Annotator "TA"]
[PlyCount "110"]
[EventDate "2018.09.05"]
[EventType "swiss"]
[EventCountry "TUR"]
[SourceTitle "playchess.com"]
[Source "ChessBase"]
[SourceQuality "1"]

{[%evp 15,110,36,25,27,18,21,24,15,84,104,98,87,91,82,234,131,102,84,100,65,160,169,171,106,120,115,126,134,138,137,139,117,129,121,172,121,122,122,113,128,214,218,229,220,220,141,148,150,130,149,147,150,183,170,191,184,239,240,239,225,346,342,395,339,456,358,376,285,488,476,477,473,541,514,448,514,506,481,6103,6101,2077,1756,1390,1349,5081,2548,29936,9749,29973,1734,29977,29978,29981,29982,29985,29986,29990]} 1. e4 g6 2. d4 Bg7 3. Nc3 d6 4. f4 Nf6 5. Nf3 O-O 6. a3 Na6 {B09: Pirc Defence: Austrian Attack} (6... Bg4 7. Be2 Bxf3 8. Bxf3 e5 9. fxe5 dxe5 10. d5 c6 11. dxc6 Nxc6 12. Qxd8 Rfxd8 13. Bg5 Nd4 14. O-O-O {0-1 (52) Anand,V (2776)-Nepomniachtchi,I (2751) Moscow 2018}) 7. e5 Nd7 8. Be3 {[%cal Bc1e3,Be3d4,Bd4f2][%mdl 32]} c5 {LiveBook: 5 Games. White is slightly better.} 9. Qe2 $146 ({Predecessor:} 9. Bxa6 cxd4 10. Bxd4 dxe5 11. fxe5 bxa6 12. Qe2 Nb6 13. O-O-O Qc7 14. h4 {0-1 (26) Sedina,E (2311)-Gulko,B (2533) Rockville 2013}) 9... cxd4 10. Bxd4 dxe5 11. fxe5 Nc7 (11... Ndb8 $11 {keeps the balance.}) 12. O-O-O $16 Ne6 13. Bf2 Qe8 14. Qe4 Nb8 $2 (14... a6 $16) 15. Bc4 ({White must play} 15. h4 $1 $18) 15... Nc6 16. Rhe1 Nc7 17. Qh4 h5 ({Black should try} 17... Bf5 $14) 18. h3 Be6 19. Bf1 ({White should play} 19. Bd3 $1 $18) 19... Rd8 20. g4 Rxd1+ 21. Rxd1 f6 22. gxh5 {Hoping for h6.} g5 23. Qg3 $1 {exf6 is the strong threat.} Qxh5 24. exf6 exf6 (24... Bxf6 $16 {might work better.} 25. Be2 Bxc3 26. bxc3 g4) 25. Be2 (25. Nd4 $18 Nxd4 26. Bxd4 (26. Qxc7 Nf3 $16)) 25... Qf7 26. Nd4 Nxd4 27. Bxd4 Nd5 {[#]} (27... Bc4 $16) 28. Nxd5 $1 $18 ({But not} 28. Bxa7 $6 Nxc3 29. Qxc3 Re8 $16) 28... Bxd5 {[#]} 29. h4 $1 {[%cal Rh4g5]} ({Don't do} 29. Bxa7 $6 Rc8 $16) 29... Rc8 30. Bd3 ({Inferior is} 30. Bxa7 Be4 $11) 30... Qc7 31. Qg4 Qf4+ 32. Qxf4 gxf4 33. Bxa7 Bc6 34. Bd4 f3 35. Rg1 {Black must now prevent Bxf6.} Kh8 (35... Kf8 $142 36. Bc5+ Kg8) 36. Kd2 Rd8 37. c3 Bd5 (37... Re8 $142 38. h5 Re6) 38. Ke3 Rd6 39. Kf2 Kg8 40. Bf5 Kf7 41. Bg4 Bh6 $2 (41... Be4 42. Bh5+ Kg8) 42. Bh5+ Ke6 43. Rg6 Bc1 {and the idea ...Kf5 leaves Black hopeful.} 44. Rxf6+ Ke7 45. Rxd6 Kxd6 46. Bxf3 Bxb2 (46... Bb3 $142 47. c4 Bxc4 48. Bxb7 Bb3) 47. Bxd5 Kxd5 {[%mdl 4096] Endgame KB-KB} 48. h5 Bc1 49. Ke2 Kc4 50. Kd1 Bh6 51. Kc2 b5 52. Bf6 (52. Bf2 $142 Bg5 53. Be1 Kd5 54. Bd2 Bf6 55. h6 Be5 56. h7 Ke6 57. Be3) 52... Bf8 53. Bg5 {White mates.} Bg7 54. h6 Bxc3 55. Bc1 Kd5 {Precision: White = 83%, Black = 36%.} 1-0

[Event "World Junior U20 Open 2018"]
[Site "Gebze"]
[Date "2018.09.12"]
[Round "8.26"]
[White "Repka, Christopher"]
[Black "Gorshtein, Ido"]
[Result "1/2-1/2"]
[WhiteElo "2523"]
[BlackElo "2383"]
[Annotator "TA"]
[PlyCount "49"]
[EventDate "2018.09.05"]
[EventType "swiss"]
[EventCountry "TUR"]
[SourceTitle "playchess.com"]
[Source "ChessBase"]
[SourceQuality "1"]

{[%evp 13,49,0,0,0,10,0,10,0,0,-12,0,-8,-3,-4,0,-9,0,0,8,-20,1,0,0,-22,11,-12,-10,-15,0,0,-3,-70,-56,-70,-72,-71,-60,-79]} 1. c4 c5 2. g3 Nc6 3. Bg2 g6 4. e3 Bg7 5. Ne2 e6 6. Nbc3 Nge7 7. d4 cxd4 {LiveBook: 126 Games. A36: Symmetrical English vs ...g6: 4 Bg2 Bg7} 8. exd4 d5 9. cxd5 exd5 {The position is equal.} 10. Bg5 (10. O-O O-O 11. Be3 Bg4 12. Qd2 Bxe2 13. Nxe2 Nf5 14. Bh3 Nxe3 15. fxe3 Qd6 16. Nf4 Bh6 17. Rac1 Rae8 18. Rc5 Bxf4 19. Rxf4 {½-½ (51) Nakamura,H (2780)-Topalov,V (2749) Saint Louis 2017}) 10... Be6 11. Nf4 (11. O-O {keeps more tension.} O-O 12. Nf4 Qd7 13. Re1 Rfe8 14. Qa4) 11... Qd7 12. Bxe7 $146 {[#] Strongly threatening Bc5.} ({Predecessor:} 12. O-O Bg4 {½-½ (28) Abreu Delgado,A (2481)-Ortiz Suarez,I (2553) Panama City 2011}) 12... Nxe7 13. O-O O-O 14. Re1 Rae8 15. Rc1 Nf5 16. Nce2 Rc8 17. Rc3 Rc6 18. Qa4 Rfc8 (18... Re8 {is more complex.} 19. Qd1 h5 20. Qd2 Qd6 21. Rb3 Re7) 19. Rxc6 bxc6 20. Rc1 Qb7 21. b3 Bd7 22. h4 (22. Nd3 $11) 22... Re8 $15 23. Bf3 Re7 24. Nd3 Qb6 {[%cal Rg7d4]} 25. Nc5 {Precision: White = 41%, Black = 50%.} 1/2-1/2

[Event "World Junior U20 Open 2018"]
[Site "Gebze"]
[Date "2018.09.12"]
[Round "8.27"]
[White "Sanal, Vahap"]
[Black "Nikitenko, Mihail"]
[Result "0-1"]
[WhiteElo "2502"]
[BlackElo "2368"]
[Annotator "TA"]
[PlyCount "116"]
[EventDate "2018.09.05"]
[EventType "swiss"]
[EventCountry "TUR"]
[SourceTitle "playchess.com"]
[Source "ChessBase"]
[SourceQuality "1"]

{[%evp 40,116,37,15,29,8,6,11,19,0,2,5,19,0,0,0,0,0,0,0,0,0,0,0,0,0,0,0,0,0,0,0,0,-8,0,0,0,0,0,0,0,0,0,-686,-680,-664,-652,-637,-628,-550,-427,-402,-398,-451,-389,-1015,-977,-1032,-1009,-951,-925,-797,-754,-1368,-1336,-1501,-1468,-1409,-1210,-1400,-1092,-6107,-5505,-5469,-1834,-29977,-29978,-29982,-29983]} 1. e4 e5 2. Nf3 Nc6 3. Bb5 {[%cal Bf1b5,Bb5a4,Ba4b3][%mdl 32]} a6 4. Ba4 Nf6 5. O-O Nxe4 6. d4 b5 7. Bb3 d5 8. dxe5 Be6 9. Nbd2 Be7 10. c3 O-O 11. Bc2 f5 12. Nd4 Qd7 13. Nxc6 Qxc6 14. Nb3 Qb6 15. Nd4 c5 16. Nxe6 Qxe6 17. f3 {C83: Open Ruy Lopez: 9 c3 Be7} Ng5 18. a4 Rad8 19. axb5 axb5 20. Ra7 (20. Kh1 g6 21. b4 c4 22. Qd4 Qc6 23. Bxg5 Bxg5 24. Ra7 Ra8 {0-1 (35) Wei,Y (2729)-So,W (2780) chess.com INT 2018}) 20... Rd7 21. Rxd7 {LiveBook: 13 Games} Qxd7 22. Kh1 Ne6 23. f4 {Black must now prevent g4.} g6 24. Be3 Rd8 {[#]} 25. Qf3 $146 d4 26. Rd1 Qc7 27. Bg1 dxc3 28. bxc3 Rxd1 29. Bxd1 Kg7 30. g4 Qd7 31. gxf5 gxf5 32. Be2 c4 33. Be3 Bc5 34. Bc1 Qa7 {[#] ...Qa1 is the strong threat.} 35. Kg2 Qa2 {aiming for ...Qc2.} 36. Qg3+ Kf8 37. Qe1 $1 Qc2 {Strongly threatening ...Qe4+.} 38. Kg3 Qe4 {And now ...Be3 would win.} 39. Qd2 Qb7 $36 {[%mdl 2048] Black has good play.} 40. Qd1 Kg8 41. h4 $2 {[%mdl 8192]} (41. Qf1 $11) 41... Qg7+ $19 42. Kh2 Bf2 {( -> ...Qg3+)} 43. Kh1 Qg3 {[%cal Rg3h3]} 44. Qf1 {Now Qg2 and White clings on.} Qxh4+ 45. Kg2 Qg3+ 46. Kh1 Qxc3 47. Bh5 $2 (47. Qg2+ Kh8 48. Qa8+ Kg7 49. Qg2+ Kf8 50. Qa8+ Kf7 51. Qb7+ Kg8 52. Qg2+ Kf8 53. Qa8+ Kg7 54. Qg2+ Kh6 55. Qh2+ Kg7 56. Qg2+) 47... Kf8 48. Be2 Be1 49. Bb2 Qxb2 50. Qxe1 Nxf4 51. Bf3 Nd3 52. Qh4 Qxe5 53. Qd8+ {[#]} Kg7 $1 54. Qg5+ Kf7 55. Bh5+ Ke6 56. Qg8+ Kd6 57. Qb8+ Kc5 58. Qf8+ Kd4 {Precision: White = 52%, Black = 94%.} 0-1